IX CENSO GENERAL DE POBLACION. 1970 : DATOS PRELIMINARES SUJETOS A RECTIFICACION /

Furkejuvvon:
Bibliográfalaš dieđut
Searvvušdahkki: México. Secretaría de Industria y Comercio
Materiálatiipa: Girji
Fáttát:
> > >
Fáddágilkorat: Lasit fáddágilkoriid
Eai fáddágilkorat, Lasit vuosttaš fáddágilkora!

MARC

LEADER 00000nam^a2200000^a^4500
001 000220426
005 20250521000000.0
009 20260310103845.07
035 |a 020100 
037 |a Acervo Xavier Clavigero 
082 |a 304. 6021 NOV 
245 1 0 |a IX CENSO GENERAL DE POBLACION. 1970 :  |b DATOS PRELIMINARES SUJETOS A RECTIFICACION /  |c SECRETARIA DE INDUSTRIA Y COMERCIO 
264 |a MEXICO :  |b SECRETARIA DE INDUSTRIA Y COMERCIO,  |c 1970 
300 |a 55 p. :  |b tbs. 
336 |a texto  |b txt  |2 rdacontenido 
337 |a sin mediación  |b n  |2 rdamedio 
338 |a volumen  |b nc  |2 rdasoporte 
649 |a XX 
650
650
710 |a México.  |b Secretaría de Industria y Comercio 
910 |a Fondo General 
920 |a Impresos - Libros 
930 |a Colección General 
905 |a 101 
901 |a 020100  |b IT1  |c ACC  |i 020100  |u 20250521 
901 |a 020099  |b IT1  |c ACC  |i 020099  |u 20250521 
901 |a 020098  |b IT1  |c ACC  |i 020098  |u 20250521 
902 |a https://opac.biblio.iteso.mx/vufind/Record/000220426